Общий вид на Посольский женский монастырь на берегу озера Байкал

Доступно только в Электронных читальных залах Найти на картеНа карте
RUSMARC
00003935nmc2a2200000 x 450
001e0658278-1df7-43d0-af51-7b3d449cc5e5
00520160229161509.0
100##$a20140422u########k l0rusy0189 ca
1010#$arus
102##$aRU
2001#$aОбщий вид на Посольский женский монастырь на берегу озера Байкал
$jб/д
251##$cДело
300##$aГрафика
300##$aОриг. заголовок дела: Забайкальская область. Озеро Байкал. Посольский женский монастырь на берегу озера. Общий вид. б/д
801#0$aRU
$bРГИА
$c20140422
$gRCR
801#1$aRU
$bГлавНИВЦ
$c20140422
$2rusmarc
801#2$aRU
$bПБ им. Б.Н. Ельцина
$c20160229
$gRCR
$2rusmarc
850##$aРГИА
852##$aРГИА
$eФедеральное казенное учреждение "Российский государственный исторический архив" (РГИА)
$j441
937##$hРГИА
$d11163497
$aASBIBLIO_SCAN
462#0$1001074eb75f-1902-4909-a924-b21579da7b9b
$12001
$aКоллекция фотографий Техническо-строительного комитета МВД древних и архитектурно-скульптурных памятников России
$1251
$cОпись
$1852
$j169
461#0$1001f54a89d3-7a1d-489e-b167-0ae54867ea15
$12001
$aТехническо-строительный комитет МВД
$1251
$cФонд
$1852
$j1293
215##$a1 фотография в конверте
$cил.
$d34х25 см
371##$aДокумент не является опубликованным и широко распространяемым
105##$aa###
1220#$ad
5171#$aЗабайкальская область. Озеро Байкал. Посольский женский монастырь на берегу озера. Общий вид. б/д.
035##$ae0658278-1df7-43d0-af51-7b3d449cc5e5
Формат отображения